000 00692nam a2200229 a 4500
999 _c1232
_d1232
008 191212r20122013ii a|||g |||| 001 0 eng d
020 _a9788120345126
_cRs. 375.00
040 _aKO
_beng
041 0 _aeng
044 _aii
082 0 4 _223
_a658.4012
_bSr38
100 1 _aSrivastava, R. M.
245 1 0 _aStrategic Management :
_bconcepts, skills and practices /
_cR. M. Srivastava and Shubhra Verma
260 _aDelhi :
_bPHI Learning Private Limited ,
_c2012, reprinted 2013.
300 _axxix, 454 p. :
_bill. ;
_c24 cm.
504 _aIncludes Index.
650 0 _aStrategic planning
_vTextbooks
700 _aVerma, Shubhra
_eaut
904 _aA_BOSE
942 _cBK